000 00735ntaaa2200205 4500
003 01
005 20251027203308.0
008 0714s1973 ag 01
040 _aAR-BaBN
_bspa
_cAR-BaBN
_eaacr
_dRIC
082 _a373.19 M66f
110 _aArgentina. Ministerio de Educación
_bConsejo Federal de Educación
245 _aFilosofía, formación ética y ciudadana /
_cArgentina. Ministerio de Educación
260 _aBuenos Aires :
_bMinisterio de Educación,
_c[entre 2004 y 2012]
300 _a19 p. ;
_c25 cm.
490 _aNúcleos de aprendizajes prioritarios
500 _aCampo de formación general, ciclo orientado, educación secundaria
650 _aENSENANZA - ARGENTINA
650 _aCURRICULUM
_921588
942 _cBK
999 _c28456
_d28456